THE POLITICS OF COMMUNITY CONFLICT (Record no. 1302)
[ view plain ]
| 000 -LEADER | |
|---|---|
| fixed length control field | 00310nam a22000977a 4500 |
| 008 - FIXED-LENGTH DATA ELEMENTS--GENERAL INFORMATION | |
| fixed length control field | 150827b xxu||||| |||| 00| 0 eng d |
| 082 ## - | |
| Classification number | 324.22 POL |
| 100 ## - MAIN ENTRY--PERSONAL NAME | |
| Personal name | CRAIN, ROBERT .L |
| 245 ## - TITLE STATEMENT | |
| Title | THE POLITICS OF COMMUNITY CONFLICT |
| Remainder of title | THE FLUORIDATION DECISION |
| 260 ## - PUBLICATION, DISTRIBUTION, ETC. (IMPRINT) | |
| Place of publication, distribution, etc. | NEW YORK |
| Name of publisher, distributor, etc. | THE BOBBS -MERRILL COMPANY,INC |
| Date of publication, distribution, etc. | 1969 |
| Withdrawn status | Lost status | Source of classification or shelving scheme | Damaged status | Koha normalized classification for sorting | Not for loan | Home library | Current library | Shelving location | Date acquired | Total Checkouts | Full call number | Barcode | Date last seen | Price effective from | Koha item type |
|---|---|---|---|---|---|---|---|---|---|---|---|---|---|---|---|
| 324_220000000000000_POL | Dodoma | Dodoma | Ground Floor | 27/08/2015 | 324.22 POL | 000000003518 | 29/07/2019 | 27/08/2015 | BOOKS |